000 00491nam a2200169 a 4500
001 000045620
005 20201002052342.0
008 150417s2006 ck 000 p spa d
020 _a9589782574
040 _aDO-SdBNP
_bspa
_cBNPHU
082 _axxxx
_bxxxx
100 1 _aOvalles, Alejandro
_936675
245 1 0 _aNostalgia insular /
_cAlejandro Ovalles.
260 _aBogotá, Colombia :
_bCangrejo,
_c2006.
300 _a119 p. : ;
_c22 cm.
500 _aIncluye datos biografĂ­cos del autor.
999 _c45109
_d45109